• 首页
  • 本馆介绍
  • 公告通知
  • 最新文献
  • 馆藏检索
  • 电子资源
  • 读者导购
  • 参考咨询
  • 我的图书馆
  • 登录
  • 详细信息显示
  • 放入我的书架
  • 预约/预借图书
  • 作者相关作品
  • 分类相关作品
  • 丛书相关作品
  • 出版社相关作品

书目信息

  • 表格格式
  • 工作单格式
  • 卡片格式
题名:
东欧培训体制
    
 
作者: ;国家劳动总局培训局 编译
分册:  
出版信息: 北京   劳动出版社  1981.03
页数: 118页
开本: 19cm
丛书名:
单 册:
中图分类: G512
科图分类:
主题词: 教育事业--世界
电子资源:
ISBN:
000 00654nam0 2200205 45
001 0402060356
005 20060302082336.57
010    @dCNY0.45
091    @a7238.3
100    @a20040206d1981 km y0chiy0120 ea
101 0  @achi
200 1  @a东欧培训体制@ADong Ou Pei Xun Ti Zhi@f国家劳动总局培训局编译@FGuo Jia Lao Dong Zong Ju Pei Xun Ju Bian Yi
210    @a北京@c劳动出版社@d1981.03
215    @a118页@d19cm
517    @a东欧三国培训体制的演变@ADong Ou San Guo Pei Xun Ti Zhi De Yan Bian
606 0  @a教育事业@x世界
690    @aG512@v3
711 02 @a国家劳动总局培训局@4编译
801    @aCN@bPftUser@c20060302
905    @f1@b53742@dG512@e16@b178355@f1
    
    东欧培训体制/国家劳动总局培训局编译.-北京:劳动出版社,1981.03
    118页;19cm
    
    
    ISBN :CNY0.45
    
●
相关链接 在E读中查询图书 在五车中查询图书 在当当中查询图书 在豆瓣中查询图书


正题名:东欧培训体制     索取号:G512/16         预约/预借

序号 登录号 条形码 馆藏地/架位号 状态 备注
1 0053740   202158985   密集书库/ [索取号:G512/16] 在馆    
2 0053741   000460771   密集书库/ [索取号:G512/16] 在馆    
3 0053742   001870942   密集书库/ [索取号:G512/16] 在馆    
4 0064323   000460780   密集书库/ [索取号:G512/16] 在馆    
5 0064324   202180950   密集书库/ [索取号:G512/16] 在馆    
6 0064325   000460762   第一样本阅览室/ [索取号:G512/16] 在馆    
7 0178355   001870988   密集书库/ [索取号:G512/16] 在馆    
8 0178356   000461985   密集书库/ [索取号:G512/16] 在馆    
唐山师范学院图书馆 欢迎您!
大连网信软件有限公司© 版权所有